[Event "Iranian Men Championship Final 1399"]
[Site "Tehran"]
[Date "2021.04.08"]
[Round "7"]
[Board "4"]
[White "Mousavi, Seyed Khalil"]
[Black "Tabatabaei, M.Amin"]
[Result "1-0"]
[WhiteElo "2522"]
[BlackElo "2629"]
[PlyCount "0"]
[EventDate "2021.04.05"]
[EventRounds "15"]
[EventCountry "IRI"]

1. c4 {[%clk 1:30:38]} e6 {[%clk 1:29:54]} 2. Nf3 {[%clk 1:30:24]} d5
{[%clk 1:30:13]} 3. e3 {[%clk 1:30:38]} Nf6 {[%clk 1:30:37]} 4. b3
{[%clk 1:31:00]} b6 {[%clk 1:30:42]} 5. Bb2 {[%clk 1:30:37]} Bb7 {[%clk 1:31:05]}
6. Nc3 {[%clk 1:30:26]} Nbd7 {[%clk 1:31:21]} 7. Rc1 {[%clk 1:29:03]} a6
{[%clk 1:31:42]} 8. cxd5 {[%clk 1:25:07]} exd5 {[%clk 1:31:54]} 9. Bd3
{[%clk 1:25:07]} Bd6 {[%clk 1:31:49]} 10. O-O {[%clk 1:23:57]} O-O
{[%clk 1:32:11]} 11. Bb1 {[%clk 1:23:01]} Re8 {[%clk 1:31:53]} 12. Ne2
{[%clk 1:20:43]} Rc8 {[%clk 1:30:52]} 13. Bf5 {[%clk 1:17:52]} Ra8
{[%clk 1:29:47]} 14. Qc2 {[%clk 1:14:37]} g6 {[%clk 1:29:05]} 15. Bh3
{[%clk 1:13:57]} c6 {[%clk 1:22:52]} 16. d3 {[%clk 1:10:45]} h5 {[%clk 1:17:37]}
17. g3 {[%clk 1:06:01]} c5 {[%clk 1:16:18]} 18. Nd2 {[%clk 0:58:37]} d4
{[%clk 1:10:27]} 19. e4 {[%clk 0:50:16]} h4 20. Nc4 {[%clk 0:37:04]} Bf8
{[%clk 0:45:25]} 21. Qd2 Ne5 {[%clk 0:32:43]} 22. Nxe5 {[%clk 0:34:38]} Rxe5
{[%clk 0:33:02]} 23. g4 {[%clk 0:29:04]} Re8 {[%clk 0:29:05]} 24. f3
{[%clk 0:27:09]} a5 {[%clk 0:28:15]} 25. a4 {[%clk 0:25:25]} b5 {[%clk 0:26:36]}
26. axb5 {[%clk 0:24:32]} Qd7 {[%clk 0:23:40]} 27. f4 {[%clk 0:18:27]} Qxb5
{[%clk 0:21:37]} 28. f5 {[%clk 0:15:31]} Nd7 {[%clk 0:17:39]} 29. fxg6
{[%clk 0:12:47]} fxg6 {[%clk 0:17:54]} 30. Qg5 {[%clk 0:12:25]} Ra6
{[%clk 0:16:00]} 31. Nxd4 {[%clk 0:11:44]} Qxd3 {[%clk 0:16:16]} 32. Nf3
{[%clk 0:11:01]} Bxe4 {[%clk 0:14:17]} 33. Qxh4 {[%clk 0:06:55]} Bg7
{[%clk 0:12:37]} 34. Ng5 {[%clk 0:05:29]} Qe3+ {[%clk 0:12:06]} 35. Qf2
{[%clk 0:05:29]} Bd3 {[%clk 0:12:06]} 36. Bxg7 {[%clk 0:05:29]} Bxf1
{[%clk 0:12:06]} 37. Qxe3 {[%clk 0:05:29]} Rxe3 {[%clk 0:12:06]} 38. Bxf1
{[%clk 0:05:29]} Rb6 {[%clk 0:04:43]} 39. Bh6 {[%clk 0:01:53]} Re7
{[%clk 0:04:43]} 40. Ra1 {[%clk 0:01:53]} Ne5 41. Rxa5 {[%clk 0:01:28]} Rb8
{[%clk 0:04:43]} 42. h3 {[%clk 0:01:25]} Rc8 {[%clk 0:05:12]} 43. Ra6
{[%clk 0:01:12]} Kh8 {[%clk 0:05:34]} 44. Rf6 {[%clk 0:01:05]} Rb8
{[%clk 0:05:09]} 45. Bg2 {[%clk 0:01:27]} c4 {[%clk 0:05:01]} 46. bxc4
{[%clk 0:01:35]} Nxc4 {[%clk 0:05:31]} 47. Be4 {[%clk 0:01:11]} Ne5
{[%clk 0:05:00]} 48. Kg2 {[%clk 0:01:30]} Rc8 {[%clk 0:04:47]} 49. Kg3
{[%clk 0:01:37]} Rc3+ {[%clk 0:04:23]} 50. Kh4 Rc8 51. Bxg6 {[%clk 0:01:39]}
Nxg6+ {[%clk 0:05:01]} 52. Rxg6 {[%clk 0:02:02]} Ra8 {[%clk 0:05:26]} 53. Rf6
{[%clk 0:02:19]} Rc8 {[%clk 0:05:54]} 54. Rf8+ {[%clk 0:02:13]} Rxf8
{[%clk 0:06:17]} 55. Bxf8 {[%clk 0:02:39]} Rd7 {[%clk 0:06:32]} 56. Kh5
{[%clk 0:02:54]} Kg8 {[%clk 0:07:01]} 57. Bh6 {[%clk 0:03:17]}  1-0

[Event "Iranian Men Championship Final 1399"]
[Site "Tehran"]
[Date "2021.04.08"]
[Round "7"]
[Board "5"]
[White "Gholami Orimi, Mahdi"]
[Black "Atakhan, Abtin"]
[Result "1/2-1/2"]
[WhiteElo "2428"]
[BlackElo "2294"]
[PlyCount "0"]
[EventDate "2021.04.05"]
[EventRounds "15"]
[EventCountry "IRI"]

1. d4 {[%clk 1:30:25]} d5 {[%clk 1:26:44]} 2. c4 {[%clk 1:30:30]} c6
{[%clk 1:27:02]} 3. Nf3 {[%clk 1:30:14]} Nf6 {[%clk 1:27:18]} 4. e3
{[%clk 1:30:12]} Bf5 {[%clk 1:26:26]} 5. Nc3 {[%clk 1:30:03]} e6 {[%clk 1:24:44]}
6. Nh4 {[%clk 1:29:56]} Be4 {[%clk 1:25:05]} 7. f3 {[%clk 1:30:02]} Bg6
{[%clk 1:25:29]} 8. Qb3 {[%clk 1:30:14]} Qc7 {[%clk 1:25:42]} 9. Bd2
{[%clk 1:27:32]} Be7 {[%clk 1:26:05]} 10. cxd5 {[%clk 1:26:46]} cxd5
{[%clk 1:26:15]} 11. Nxg6 {[%clk 1:26:16]} hxg6 {[%clk 1:26:42]} 12. O-O-O
{[%clk 1:26:37]} Nc6 {[%clk 1:26:48]} 13. Kb1 {[%clk 1:27:05]} a6
{[%clk 1:27:07]} 14. Rc1 {[%clk 1:27:23]} Nd7 {[%clk 1:22:59]} 15. Bd3
{[%clk 1:13:31]} Na5 {[%clk 1:16:56]} 16. Qd1 {[%clk 0:55:45]} Nc4
{[%clk 1:13:09]} 17. e4 {[%clk 0:54:35]} Nxd2+ {[%clk 1:09:38]} 18. Qxd2
{[%clk 0:54:58]} Qd6 {[%clk 1:10:04]} 19. exd5 {[%clk 0:50:53]} exd5 20. g3
{[%clk 0:45:08]} O-O {[%clk 1:05:08]} 21. h4 {[%clk 0:37:14]} Rfd8
{[%clk 0:47:59]} 22. h5 {[%clk 0:37:07]} g5 {[%clk 0:43:41]} 23. f4
{[%clk 0:32:06]} g4 {[%clk 0:38:15]} 24. h6 gxh6 25. Rh5 {[%clk 0:22:35]} Bf8
{[%clk 0:38:10]} 26. Rch1 {[%clk 0:18:15]} Nf6 {[%clk 0:31:41]} 27. Rxh6 Bxh6
{[%clk 0:32:10]} 28. Rxh6 {[%clk 0:18:43]} Kf8 {[%clk 0:29:02]} 29. Qh2 Qb6 30.
Qh4 {[%clk 0:11:24]} Ke7 {[%clk 0:29:10]} 31. Rh5 {[%clk 0:09:31]} Qc6
{[%clk 0:22:24]} 32. Re5+ Kd7 {[%clk 0:22:18]} 33. Rf5 {[%clk 0:09:36]} Ke7 34.
Re5+ {[%clk 0:07:48]} Kd7 {[%clk 0:22:43]} 35. Rf5 {[%clk 0:08:09]} Ke7
{[%clk 0:21:01]} 36. Qg5 {[%clk 0:03:27]} Rd7 {[%clk 0:18:34]} 37. a3
{[%clk 0:02:29]} Rh8 {[%clk 0:17:23]} 38. Ka2 {[%clk 0:01:34]} Rh2
{[%clk 0:03:51]} 39. Be2 {[%clk 0:01:30]} Rd6 {[%clk 0:03:51]} 40. Rxf6
{[%clk 0:01:30]} Rxf6 {[%clk 0:03:51]} 41. Nxd5+ {[%clk 0:01:30]} Kf8
{[%clk 0:03:51]} 42. Nxf6 Qe6+ 43. d5 {[%clk 0:01:39]} Qxe2 {[%clk 0:04:16]} 44.
Nd7+ {[%clk 0:02:00]} Ke8 {[%clk 0:04:41]} 45. Nf6+ {[%clk 0:02:28]} Kf8
{[%clk 0:05:02]}  1/2-1/2

[Event "Iranian Men Championship Final 1399"]
[Site "Tehran"]
[Date "2021.04.08"]
[Round "7"]
[Board "6"]
[White "Jahedi, Mani"]
[Black "Daneshvar, Bardiya"]
[Result "0-1"]
[WhiteElo "2201"]
[BlackElo "2401"]
[PlyCount "0"]
[EventDate "2021.04.05"]
[EventRounds "15"]
[EventCountry "IRI"]

1. e4 c6 {[%clk 1:30:44]} 2. Nc3 {[%clk 1:26:28]} d5 {[%clk 1:30:57]} 3. Nf3
{[%clk 1:26:52]} dxe4 {[%clk 1:31:14]} 4. Nxe4 {[%clk 1:27:15]} Nf6
{[%clk 1:31:41]} 5. Qe2 {[%clk 1:27:25]} Nxe4 {[%clk 1:31:13]} 6. Qxe4
{[%clk 1:27:53]} Be6 {[%clk 1:31:32]} 7. b3 {[%clk 1:23:06]} Nd7 {[%clk 1:26:56]}
8. Bb2 {[%clk 1:16:32]} Qa5 {[%clk 1:23:58]} 9. Nd4 {[%clk 1:08:49]} Nf6
{[%clk 1:20:45]} 10. Nxc6 {[%clk 0:54:43]} Qxd2+ {[%clk 1:18:25]} 11. Kxd2
{[%clk 0:55:07]} Nxe4+ {[%clk 1:18:51]} 12. Ke3 {[%clk 0:55:35]} Nxf2
{[%clk 1:15:48]} 13. Nd4 {[%clk 0:55:13]} Ng4+ {[%clk 1:12:22]} 14. Kf3
{[%clk 0:40:48]} Bd7 {[%clk 1:11:14]} 15. Nb5 {[%clk 0:38:00]} Rc8
{[%clk 1:06:30]} 16. Re1 {[%clk 0:34:41]} Rc6 {[%clk 1:03:54]} 17. Nxa7
{[%clk 0:30:23]} Rxc2 {[%clk 1:01:14]} 18. Bd4 {[%clk 0:25:57]} Nf6
{[%clk 0:58:44]} 19. Bd3 {[%clk 0:19:04]} Rd2 {[%clk 0:52:51]} 20. Ke3
{[%clk 0:13:04]} Rxg2 {[%clk 0:52:04]} 21. Rc1 {[%clk 0:04:49]} e5
{[%clk 0:46:49]} 22. Rhe1 {[%clk 0:01:57]} Ng4+ {[%clk 0:41:40]} 23. Kf3
{[%clk 0:02:08]} Rd2 {[%clk 0:41:45]} 24. Bb5 {[%clk 0:00:47]} Rxd4
{[%clk 0:41:21]} 25. Rc8+ {[%clk 0:01:13]} Ke7 {[%clk 0:41:44]} 26. Rc7
{[%clk 0:01:38]} f5 {[%clk 0:41:17]} 27. h3 {[%clk 0:00:55]} e4+ {[%clk 0:41:27]}
28. Kg3 {[%clk 0:00:44]} Ne5 {[%clk 0:41:36]} 29. Kf4 {[%clk 0:00:42]} Kf6
{[%clk 0:41:48]} 30. Ke3 {[%clk 0:00:37]} Rd5 {[%clk 0:42:10]} 31. Kd4  0-1

[Event "Iranian Men Championship Final 1399"]
[Site "Tehran"]
[Date "2021.04.08"]
[Round "7"]
[Board "7"]
[White "Mosadeghpour, Masoud"]
[Black "Darini, Pouria"]
[Result "1-0"]
[WhiteElo "2498"]
[BlackElo "2432"]
[PlyCount "0"]
[EventDate "2021.04.05"]
[EventRounds "15"]
[EventCountry "IRI"]

1. e4 {[%clk 1:23:53]} c6 {[%clk 1:30:33]} 2. d4 {[%clk 1:23:36]} d5
{[%clk 1:30:55]} 3. exd5 {[%clk 1:23:51]} cxd5 {[%clk 1:31:17]} 4. Bd3
{[%clk 1:24:15]} Nc6 {[%clk 1:30:07]} 5. c3 {[%clk 1:24:44]} Nf6 {[%clk 1:30:19]}
6. h3 {[%clk 1:25:06]} g6 {[%clk 1:29:11]} 7. Nf3 {[%clk 1:25:27]} Bf5
{[%clk 1:29:27]} 8. Be2 {[%clk 1:25:55]} Qc7 9. O-O {[%clk 1:16:23]} Bg7
{[%clk 1:23:21]} 10. Ne1 {[%clk 1:08:57]} O-O {[%clk 1:13:53]} 11. Nd3
{[%clk 1:08:54]} Ne4 {[%clk 0:53:14]} 12. Bf4 {[%clk 1:07:00]} Qd8 13. Na3
{[%clk 1:02:55]} g5 {[%clk 0:40:39]} 14. Bh2 {[%clk 1:02:10]} e6 {[%clk 0:40:55]}
15. Nc2 {[%clk 0:54:48]} Bg6 {[%clk 0:35:28]} 16. Bh5 Rc8 17. f4 {[%clk 0:30:58]}
f5 {[%clk 0:34:31]} 18. fxg5 {[%clk 0:28:23]} Qxg5 {[%clk 0:34:50]} 19. Nf4
{[%clk 0:27:39]} Rce8 {[%clk 0:34:58]} 20. Ne1 {[%clk 0:25:05]} Bf6
{[%clk 0:21:37]} 21. Be2 {[%clk 0:23:12]} a6 {[%clk 0:20:31]} 22. Qc1
{[%clk 0:13:56]} Bf7 {[%clk 0:17:09]} 23. Nf3 {[%clk 0:12:08]} Qg7
{[%clk 0:17:19]} 24. Nd3 {[%clk 0:10:28]} Kh8 {[%clk 0:15:32]} 25. Nfe5
{[%clk 0:05:53]} Rg8 {[%clk 0:14:51]} 26. Nxf7+ {[%clk 0:03:55]} Qxf7
{[%clk 0:15:19]} 27. Nf4 {[%clk 0:02:59]} Rc8 {[%clk 0:08:44]} 28. Qe1
{[%clk 0:02:55]} Rg5 {[%clk 0:07:44]} 29. Bf3 {[%clk 0:03:18]} Rcg8
{[%clk 0:08:10]} 30. Rd1 {[%clk 0:02:59]} Bd8 {[%clk 0:06:20]} 31. Kh1
{[%clk 0:02:33]} Bf6 {[%clk 0:06:20]} 32. Qe2 {[%clk 0:02:33]} Ne7
{[%clk 0:01:29]} 33. Nh5 {[%clk 0:02:33]} Ng6 {[%clk 0:01:29]} 34. Bxe4
{[%clk 0:02:33]} dxe4 {[%clk 0:01:29]} 35. Nxf6 {[%clk 0:02:33]} Qxf6 36. Qxe4
Qg7 37. Qxe6 {[%clk 0:01:50]} Rxg2 {[%clk 0:01:06]} 38. Rg1 {[%clk 0:00:51]} Nf4
{[%clk 0:00:32]} 39. Qxf5 {[%clk 0:01:15]} Rf8 {[%clk 0:00:31]} 40. Qxf4
{[%clk 0:00:46]} Rxf4 {[%clk 0:00:50]} 41. Bxf4 {[%clk 0:00:58]}  1-0

[Event "Iranian Men Championship Final 1399"]
[Site "Tehran"]
[Date "2021.04.08"]
[Round "7"]
[Board "8"]
[White "Gholami, Aryan"]
[Black "Idani, Pouya"]
[Result "1/2-1/2"]
[WhiteElo "2507"]
[BlackElo "2588"]
[PlyCount "0"]
[EventDate "2021.04.05"]
[EventRounds "15"]
[EventCountry "IRI"]

1. e4 {[%clk 1:29:53]} c5 {[%clk 1:30:14]} 2. Nf3 {[%clk 1:30:12]} e6
{[%clk 1:30:34]} 3. g3 {[%clk 1:30:34]} Nc6 {[%clk 1:30:07]} 4. Bg2
{[%clk 1:30:39]} Nf6 {[%clk 1:30:13]} 5. Qe2 {[%clk 1:30:52]} e5 {[%clk 1:29:39]}
6. c3 {[%clk 1:29:38]} Be7 {[%clk 1:29:34]} 7. O-O {[%clk 1:26:58]} O-O
{[%clk 1:29:35]} 8. d4 {[%clk 1:25:47]} cxd4 {[%clk 1:28:25]} 9. cxd4
{[%clk 1:26:02]} d5 {[%clk 1:28:03]} 10. exd5 {[%clk 1:22:12]} Nxd4
{[%clk 1:26:41]} 11. Nxd4 {[%clk 1:22:34]} exd4 {[%clk 1:27:09]} 12. Qe5
{[%clk 1:16:14]} Bc5 {[%clk 1:07:50]} 13. Bg5 {[%clk 1:15:48]} Ng4
{[%clk 1:07:37]} 14. Bxd8 {[%clk 1:15:32]} Nxe5 {[%clk 1:08:02]} 15. Bc7
{[%clk 1:15:50]} Nd3 {[%clk 1:05:03]} 16. Nd2 {[%clk 1:10:31]} Bd7
{[%clk 1:03:19]} 17. d6 {[%clk 1:07:52]} Nxb2 {[%clk 0:53:36]} 18. Rab1
{[%clk 0:56:09]} Ba3 {[%clk 0:53:02]} 19. Rxb2 {[%clk 0:44:06]} Bxb2
{[%clk 0:53:10]} 20. Nc4 {[%clk 0:44:31]} Bc3 {[%clk 0:52:54]} 21. Ne5
{[%clk 0:44:37]} Bf5 {[%clk 0:43:25]} 22. g4 {[%clk 0:29:09]} Bc2
{[%clk 0:37:12]} 23. Rc1 {[%clk 0:24:29]} Rae8 {[%clk 0:35:18]} 24. Rxc2
{[%clk 0:22:36]} Rxe5 {[%clk 0:35:42]} 25. Bxb7 {[%clk 0:22:49]} Rc5
{[%clk 0:30:31]} 26. Ba6 {[%clk 0:23:13]} g6 {[%clk 0:29:16]} 27. Rc1
{[%clk 0:22:33]} Kg7 {[%clk 0:26:34]} 28. Kf1 {[%clk 0:21:36]} h5
{[%clk 0:25:30]} 29. gxh5 {[%clk 0:20:38]} Rxh5 {[%clk 0:25:53]} 30. Ke2
{[%clk 0:19:46]} Ba5 {[%clk 0:23:16]} 31. Kd3 {[%clk 0:17:46]} Bb6
{[%clk 0:23:30]} 32. a4 {[%clk 0:17:48]} Rh3+ {[%clk 0:19:48]} 33. Kc4
{[%clk 0:17:09]} d3 {[%clk 0:19:48]} 34. Bxb6 {[%clk 0:11:06]} axb6
{[%clk 0:20:00]} 35. d7 {[%clk 0:09:40]} Rh5 {[%clk 0:16:08]} 36. Rd1
{[%clk 0:04:15]} Rc5+ {[%clk 0:16:12]} 37. Kb4 {[%clk 0:04:26]} Rd5
{[%clk 0:16:21]} 38. Bc8 {[%clk 0:03:27]} d2 {[%clk 0:16:36]} 39. Kc4
{[%clk 0:03:29]} Rc5+ {[%clk 0:09:26]} 40. Kb4 {[%clk 0:03:29]} Kf6
{[%clk 0:09:26]} 41. Rxd2 {[%clk 0:03:29]} Ke7 {[%clk 0:09:26]} 42. Rd4
{[%clk 0:03:44]} Rh5 {[%clk 0:09:26]} 43. Ba6 {[%clk 0:03:15]} Rxh2 44. Kb5
{[%clk 0:02:25]} Rxf2 {[%clk 0:09:44]} 45. Kc6 {[%clk 0:02:15]} f5
{[%clk 0:07:11]} 46. Bb5 {[%clk 0:01:49]} Rc2+ {[%clk 0:06:51]} 47. Kxb6
{[%clk 0:02:07]} Rf6+ {[%clk 0:06:17]} 48. Ka5 {[%clk 0:02:03]} Kd8
{[%clk 0:06:13]} 49. Rd1 {[%clk 0:01:35]} Rc7 {[%clk 0:06:07]} 50. Kb4
{[%clk 0:01:42]} f4 {[%clk 0:03:31]} 51. a5 {[%clk 0:01:27]} f3 {[%clk 0:02:25]}
52. a6 {[%clk 0:01:03]} f2 {[%clk 0:02:34]} 53. Rh1 {[%clk 0:01:04]} Rf8
{[%clk 0:02:19]} 54. Ka5 {[%clk 0:01:00]} Rc5 {[%clk 0:02:14]} 55. a7
{[%clk 0:00:36]} Kc7 {[%clk 0:02:39]} 56. Kb4 {[%clk 0:00:41]} Kb6
{[%clk 0:01:29]} 57. Bc4 {[%clk 0:00:38]} Rc7 {[%clk 0:01:36]} 58. Rf1
{[%clk 0:00:36]} Kxa7 {[%clk 0:01:37]} 59. Rxf2 {[%clk 0:01:01]} Rb8+
{[%clk 0:01:21]} 60. Bb5 {[%clk 0:01:26]} Rcb7 {[%clk 0:01:02]} 61. Ra2+
{[%clk 0:01:10]} Kb6 {[%clk 0:01:27]} 62. Rc2 {[%clk 0:01:09]} Rc7
{[%clk 0:00:56]}  1/2-1/2

[Event "Iranian Men Championship Final 1399"]
[Site "Tehran"]
[Date "2021.04.09"]
[Round "8"]
[Board "1"]
[White "Hakemi, Arman"]
[Black "Idani, Pouya"]
[Result "0-1"]
[WhiteElo "2316"]
[BlackElo "2588"]
[PlyCount "0"]
[EventDate "2021.04.05"]
[EventRounds "15"]
[EventCountry "IRI"]

1. d4 {[%clk 1:30:53]} Nf6 {[%clk 1:30:55]} 2. c4 {[%clk 1:31:08]} c5
{[%clk 1:31:17]} 3. d5 {[%clk 1:31:24]} g6 {[%clk 1:31:42]} 4. Nc3
{[%clk 1:31:34]} Bg7 {[%clk 1:32:07]} 5. e4 {[%clk 1:31:30]} O-O {[%clk 1:32:31]}
6. Nf3 {[%clk 1:31:39]} e6 {[%clk 1:32:57]} 7. Be2 {[%clk 1:12:41]} d6
{[%clk 1:24:47]} 8. O-O {[%clk 1:10:54]} Na6 {[%clk 1:24:50]} 9. Be3
{[%clk 1:00:49]} exd5 {[%clk 1:18:12]} 10. cxd5 {[%clk 0:53:46]} Bg4
{[%clk 1:14:26]} 11. Nd2 {[%clk 0:43:09]} Bxe2 12. Qxe2 {[%clk 0:42:49]} Re8
{[%clk 1:15:10]} 13. a3 {[%clk 0:34:02]} Qd7 {[%clk 1:14:17]} 14. h3
{[%clk 0:30:49]} Rab8 {[%clk 1:14:26]} 15. a4 {[%clk 0:18:38]} Nb4
{[%clk 1:13:43]} 16. Rac1 {[%clk 0:19:05]} a6 {[%clk 1:12:26]} 17. Kh1
{[%clk 0:19:30]} b5 {[%clk 1:12:10]} 18. b3 {[%clk 0:19:58]} Nh5 {[%clk 1:10:19]}
19. g4 {[%clk 0:18:46]} Nf6 {[%clk 1:10:44]} 20. f3 Qe7 {[%clk 1:05:46]} 21. Rfe1
{[%clk 0:18:04]} Nd7 22. Ndb1 Ne5 {[%clk 1:03:58]} 23. Red1 {[%clk 0:15:05]} c4
24. axb5 axb5 {[%clk 1:04:13]} 25. Nxb5 {[%clk 0:13:49]} Rxb5 {[%clk 1:02:25]}
26. bxc4 {[%clk 0:14:08]} Ra5 {[%clk 1:00:28]} 27. Nc3 {[%clk 0:13:03]} Ra3
{[%clk 0:55:28]} 28. Nb5 {[%clk 0:12:49]} Ra2 29. Rd2 Rxd2 {[%clk 0:48:20]} 30.
Bxd2 {[%clk 0:13:08]} Nbd3 {[%clk 0:48:45]} 31. Rf1 {[%clk 0:12:11]} Nb2 32. c5
{[%clk 0:12:29]} dxc5 {[%clk 0:47:57]} 33. f4 {[%clk 0:12:19]} Nec4 34. e5 Qb7
{[%clk 0:42:02]} 35. Nc3 {[%clk 0:12:34]} f6 {[%clk 0:38:55]} 36. Rb1
{[%clk 0:10:14]} fxe5 {[%clk 0:39:09]} 37. Bc1 {[%clk 0:10:42]} Qf7
{[%clk 0:39:31]} 38. Bxb2 {[%clk 0:10:40]} Nxb2 {[%clk 0:39:56]} 39. f5
{[%clk 0:09:58]} e4 {[%clk 0:39:15]} 40. Qxb2 {[%clk 0:10:15]} e3 41. d6
{[%clk 0:02:56]} gxf5 {[%clk 0:36:39]} 42. gxf5 Qxf5 {[%clk 0:36:59]} 43. Qg2
{[%clk 0:03:10]} Qxb1+ {[%clk 0:36:56]} 44. Nxb1 {[%clk 0:03:36]} e2
{[%clk 0:37:23]} 45. Qd5+ {[%clk 0:02:56]} Kh8 {[%clk 0:37:47]}  0-1

[Event "Iranian Men Championship Final 1399"]
[Site "Tehran"]
[Date "2021.04.09"]
[Round "8"]
[Board "2"]
[White "Darini, Pouria"]
[Black "Gholami, Aryan"]
[Result "1/2-1/2"]
[WhiteElo "2432"]
[BlackElo "2507"]
[PlyCount "0"]
[EventDate "2021.04.05"]
[EventRounds "15"]
[EventCountry "IRI"]

1. e4 {[%clk 1:30:57]} c5 {[%clk 1:30:46]} 2. Nf3 {[%clk 1:31:20]} Nc6
{[%clk 1:31:09]} 3. Bb5 {[%clk 1:31:06]} g6 {[%clk 1:31:23]} 4. O-O
{[%clk 1:31:13]} Bg7 {[%clk 1:31:45]} 5. Re1 {[%clk 1:31:13]} e5 {[%clk 1:31:36]}
6. Bxc6 {[%clk 1:31:18]} dxc6 {[%clk 1:31:58]} 7. d3 {[%clk 1:31:38]} Qc7
{[%clk 1:32:01]} 8. a4 {[%clk 1:31:47]} a5 {[%clk 1:31:42]} 9. Na3
{[%clk 1:32:09]} Nf6 {[%clk 1:26:26]} 10. Nc4 {[%clk 1:31:46]} Nd7
{[%clk 1:26:45]} 11. b3 {[%clk 1:27:37]} O-O {[%clk 1:26:50]} 12. Bb2
{[%clk 1:28:06]} Re8 {[%clk 1:26:16]} 13. Nfd2 {[%clk 1:15:22]} Bh6
{[%clk 1:16:31]} 14. Qf3 {[%clk 1:02:35]} b6 {[%clk 1:10:35]} 15. h4
{[%clk 0:49:18]} Nf8 {[%clk 1:05:19]} 16. h5 {[%clk 0:48:20]} Bg5
{[%clk 1:02:09]} 17. hxg6 hxg6 {[%clk 1:02:04]} 18. Qg3 {[%clk 0:43:31]} Bf4
{[%clk 1:00:20]} 19. Qh4 {[%clk 0:43:54]} g5 {[%clk 0:56:00]} 20. Qh5
{[%clk 0:40:24]} Re7 {[%clk 0:55:56]} 21. g3 {[%clk 0:33:59]} f6 {[%clk 0:52:55]}
22. gxf4 {[%clk 0:18:05]} Rh7 {[%clk 0:52:29]} 23. Qxh7+ {[%clk 0:16:05]} Qxh7
{[%clk 0:52:10]} 24. f5 {[%clk 0:16:31]} Qh5 {[%clk 0:46:46]} 25. f3
{[%clk 0:14:29]} g4 {[%clk 0:44:14]} 26. fxg4 {[%clk 0:13:50]} Qxg4+
{[%clk 0:44:25]} 27. Kf2 {[%clk 0:14:19]} Qh4+ {[%clk 0:44:46]} 28. Ke2
{[%clk 0:13:45]} Qh2+ {[%clk 0:45:09]} 29. Kd1 {[%clk 0:13:32]} Ra7
{[%clk 0:34:05]} 30. Nxb6 {[%clk 0:13:15]} Ba6 {[%clk 0:34:29]} 31. Bc3
{[%clk 0:13:17]} Rg7 {[%clk 0:34:39]} 32. Kc1 {[%clk 0:07:09]} Rg2
{[%clk 0:34:32]} 33. Rd1 {[%clk 0:04:41]}  1/2-1/2

[Event "Iranian Men Championship Final 1399"]
[Site "Tehran"]
[Date "2021.04.09"]
[Round "8"]
[Board "3"]
[White "Daneshvar, Bardiya"]
[Black "Mosadeghpour, Masoud"]
[Result "0-1"]
[WhiteElo "2401"]
[BlackElo "2498"]
[PlyCount "0"]
[EventDate "2021.04.05"]
[EventRounds "15"]
[EventCountry "IRI"]

1. Nf3 {[%clk 1:30:57]} Nf6 {[%clk 1:19:58]} 2. c4 {[%clk 1:31:18]} g6
{[%clk 1:19:29]} 3. Nc3 {[%clk 1:31:33]} Bg7 {[%clk 1:19:47]} 4. e4
{[%clk 1:31:43]} e5 {[%clk 1:19:14]} 5. Nxe5 {[%clk 1:32:01]} Nxe4
{[%clk 1:18:24]} 6. Nxe4 {[%clk 1:31:58]} Bxe5 {[%clk 1:18:52]} 7. d4
{[%clk 1:32:20]} Bg7 {[%clk 1:18:30]} 8. Bg5 {[%clk 1:32:23]} f6 {[%clk 1:18:22]}
9. Be3 {[%clk 1:32:03]} O-O {[%clk 1:18:22]} 10. Nc3 {[%clk 1:31:06]} Nc6
{[%clk 1:11:26]} 11. Qd2 {[%clk 1:27:49]} Ne7 {[%clk 1:09:18]} 12. O-O-O
{[%clk 1:25:38]} d5 {[%clk 1:08:06]} 13. h4 {[%clk 1:23:01]} c6 {[%clk 0:47:19]}
14. h5 {[%clk 1:16:34]} g5 {[%clk 0:46:44]} 15. h6 {[%clk 1:13:23]} Bh8
{[%clk 0:46:59]} 16. f3 {[%clk 1:10:56]} Be6 {[%clk 0:38:27]} 17. c5
{[%clk 1:08:43]} b6 {[%clk 0:36:20]} 18. g4 {[%clk 1:04:24]} Ng6 {[%clk 0:28:54]}
19. Bd3 {[%clk 0:59:11]} bxc5 {[%clk 0:19:59]} 20. Bxg6 {[%clk 0:57:51]} hxg6
{[%clk 0:17:59]} 21. dxc5 {[%clk 0:55:54]} Kh7 {[%clk 0:18:06]} 22. Ne2
{[%clk 0:53:36]} Qe7 {[%clk 0:16:19]} 23. Kb1 {[%clk 0:48:31]} f5
{[%clk 0:10:29]} 24. Bxg5 {[%clk 0:40:40]} Qxc5 {[%clk 0:10:17]} 25. Be3
{[%clk 0:38:12]} Qe7 {[%clk 0:07:29]} 26. Bd4 {[%clk 0:35:35]} fxg4
{[%clk 0:05:03]} 27. Bxh8 {[%clk 0:34:34]} Bf5+ {[%clk 0:03:21]} 28. Ka1
{[%clk 0:34:15]} gxf3 {[%clk 0:03:11]} 29. Nd4 {[%clk 0:32:31]} Kxh8
{[%clk 0:03:11]} 30. Nxc6 {[%clk 0:22:18]} Qf6 {[%clk 0:03:17]} 31. Nb4
{[%clk 0:22:40]} Be4 {[%clk 0:02:30]} 32. Nxd5 {[%clk 0:22:20]} Bxd5
{[%clk 0:02:50]} 33. Qxd5 {[%clk 0:22:49]} Rad8 {[%clk 0:02:49]} 34. Qc5
{[%clk 0:23:05]} Rxd1+ {[%clk 0:02:29]} 35. Rxd1 {[%clk 0:23:34]} f2
{[%clk 0:02:47]} 36. Rf1 {[%clk 0:24:00]} Re8 {[%clk 0:02:13]} 37. Qc1
{[%clk 0:24:07]} Re2 {[%clk 0:01:24]} 38. a3 {[%clk 0:23:50]} Qe7
{[%clk 0:01:03]} 39. Qc3+ {[%clk 0:23:06]} Kh7 {[%clk 0:01:32]} 40. Ka2
{[%clk 0:23:27]} Qe6+ {[%clk 0:01:25]} 41. Kb1 {[%clk 0:23:10]} Re1+
{[%clk 0:01:53]} 42. Kc2 {[%clk 0:23:39]} Qf5+ {[%clk 0:02:08]} 43. Kd2
{[%clk 0:23:51]} Qd7+ {[%clk 0:02:36]}  0-1